| 000 | 00703nam a2200217 a 4500 | ||
|---|---|---|---|
| 005 | 20240902063641.0 | ||
| 008 | 050303s1999 es r 000 0 spa d | ||
| 020 | _a8472782174 | ||
| 035 | _aUPN01000137754 | ||
| 049 | _aLT | ||
| 050 | 4 |
_aLB1555 E5.5 _bA6.7 LM |
|
| 245 | 0 | 0 |
_aAprendo a pensar desarrollando mi inteligencia : _bguía APDI 5-6 : desarrollo de ejercicios / _cil. Javier Aznar Serrano. |
| 260 |
_aMadrid : _bICCE, _c1999. |
||
| 300 |
_a130 p. _bil. |
||
| 440 | 0 | _aAPDI | |
| 500 | _aTítulo tomado de la cubierta | ||
| 650 | 2 |
_aDesarrollo intelectual _99159 |
|
| 650 | 2 |
_aDesarrollo cognoscitivo _95390 |
|
| 650 | 4 |
_aINTELIGENCIA - _vPROBLEMAS, EJERCICIOS, ETC. _98358 |
|
| 905 | _aLibro | ||
| 999 |
_c109905 _d109905 |
||